Operative surgery (Registro nro. 167506)

Detalles MARC
000 -ENCABEZADO
Número de control [NR] 00861 a2200229 4500
005 - FECHA Y HORA DE LA ÚLTIMA TRANSACCIÓN
control field 20240313082718.0
008 - DE LONGITUD FIJA DE DATOS DE ELEMENTOS - INFORMACIÓN GENERAL
Elementos de longitud fija [NR] 130705s1958 enka frn 000 0 eng
040 ## - FUENTE DE CATALOGACION [NR]
Agencia de catalogación original [NR] CO-BoUCM
Idioma de catalogación [NR] spa
Quien Cataloga Luz Cupitra (modificó)
Quien Clasifica Aldemar Mondragón
041 ## - CODIGO DE IDIOMA [R]
Código de idioma para texto/pista de sonido o título separado [R] Español
060 ## - SIGNATURA TOPOGRAFICA DE LA BIBLIOTECA NACIONAL DE MEDICINA (NLM) [R]
Número clasificador [R] WO 600
100 1# - ASIENTO PRINCIPAL--NOMBRE PERSONAL [NR]
Nombre personal [NR] Rob, Charles
ID Autoridad 39931
245 10 - MENCION DE TITULO [NR]
Título [NR] Operative surgery
Mención de responsabilidad, etc. [NR] Charles Rob, Rodney Smith
260 ## - PUBLICACION, DISTRIBUCION, ETC. (PIE DE IMPRENTA) [R]
Lugar de publicación, distribución, etc. [R] London
Nombre del editor, distribuidor, etc. [R] Butter Worth
Fecha de publicación, distribución, etc. [R] 1958
300 ## - DESCRIPCION FISICA [R]
Extensión [R] Volumen 6 [xii, 433] páginas
Otros detalles físicos [NR] ilustraciones
500 ## - NOTA GENERAL [R]
Nota general [NR] Transferencia al Archivo Histórico en marzo de 2024. Investigación Emilio Quevedo, historiador de la medicina colombiana.
500 ## - NOTA GENERAL [R]
Nota general [NR] Incluye índice
650 #7 - ASIENTO SECUNDARIO DE MATERIA - TERMINO TEMATICO [R]
Término temático o nombre geográfico como elemento de entrada [NR] Cirugía plástica
9 (RLIN) 10928
650 #7 - ASIENTO SECUNDARIO DE MATERIA - TERMINO TEMATICO [R]
Término temático o nombre geográfico como elemento de entrada [NR] Cirugía
Subdivisión general [R] Métodos
9 (RLIN) 39904
650 #7 - ASIENTO SECUNDARIO DE MATERIA - TERMINO TEMATICO [R]
Término temático o nombre geográfico como elemento de entrada [NR] Trasplantes de órganos, tejidos, etc.
9 (RLIN) 25728
690 ## - ASUNTO AGREGADO LOCAL DE ENTRADA - TÉRMINO TEMÁTICO (OCLC, RLIN)
Acceso temático local Cirugía
9 (RLIN) 7407
942 ## - ELEMENTOS DE ENTRADA AGREGADOS (KOHA)
Tema principal 15
Tipo de ítem principal el descrito en 300a Libro
Edición 1
Parte restante de la signatura top. O617
Sistema de clasificación NLM
Clasificación WO 600
Existencias
Suprimido Perdido Sistema de clasificación Dañado No prestable Tipo de ítem específico Ubicación habitual Ubicación actual Localización Fecha de creación Proveedor Forma de adquisición Costo Volúmen / Fascículo Total préstamos Total Renewals Signatura topográfica Código de barras Última vez visto Fecha de último préstamo Ejemplar Costo de reposición Price effective from Tipo de ítem Nota pública (OPAC)
    NLM     Libro Archivo Histórico Archivo Histórico Archivo histórico 31/05/2013 12 Donación 0.00 V.6 1 10 WO 600 O617 200026197 05/12/2023 12/07/2013 Ej.1 26000.00 31/05/2013 Libro TRANSFERENCIA CRAI C20